|
|
|
|
| LEADER |
00000cab a2200000 ar4500 |
| 001 |
vtls009456078 |
| 003 |
SK-MaSNL |
| 005 |
20260303200414.0 |
| 008 |
081217c2008 xo mr|p|||||||000 b|slo |
| 038 |
|
|
|a PPPK
|
| 040 |
|
|
|a PPPKCL
|b slo
|c PPPKCL
|e AACR2
|
| 041 |
0 |
|
|a slo
|
| 044 |
|
|
|a xo
|c SK
|
| 080 |
|
|
|a 796.926.093
|2 2001
|
| 080 |
|
|
|a 371.212
|2 2001
|
| 100 |
1 |
|
|a Škára, Stanislav
|4 aut
|9 1037468
|
| 245 |
1 |
0 |
|a Školské majstrovstvá Kežmarku v zjazdovom lyžovaní
|c Ing. Stanislav Škára
|
| 300 |
|
|
|b Fotogr.
|
| 611 |
2 |
7 |
|a Školské majstrovstvá Kežmarku v zjazdovom lyžovaní
|n (2. :
|d 2008 :
|c kežmarok, Slovensko)
|2 pppkcl
|9 1230461
|
| 650 |
0 |
7 |
|a žiaci a študenti
|x lyžiarske preteky
|2 pppkcl
|9 1230462
|
| 650 |
0 |
7 |
|a lyžiarske preteky
|2 pppkcl
|9 55635
|
| 650 |
0 |
7 |
|a zjazdové lyžovanie
|2 pppkcl
|9 3258
|
| 651 |
|
7 |
|a Kežmarok (Slovensko)
|2 pppkcl
|9 26808
|
| 773 |
0 |
|
|t Kežmarok
|g Roč. XVI, č. 3 (2008), s. 12
|
| 852 |
|
|
|a PPPK
|b KIS3GCP
|
| 999 |
|
|
|c 2167982
|d 2169912
|